00805nac a22002171u 4500010001600000020002400016082001800040090001500058100003400073245010000107250001200207260005300219300003300272500002700305504006000332511002800392650002600420942002000446999001500466952010600481 a 92041240 a0830638598 (pbk.) :00a005.7565bSAU c6019d6019 aSaunders, Kimberly Mau 14aThe paradox relational database advisor :belements of database design /cKimberly M. Saunders. a1st ed. aNew York :bWindcrest/McGraw-Hill,c1993.cc1993. axx, 275 p. :bill. ;c24 cm. aDistributer: Al-Ahram. aIncludes bibliographical references (p. 268) and index. aCatalogued By: Mahitab. 0aRelational databases. cBBk005.7565SAU c6019d6019 00104070aMAINbMAINcLOWd2012-11-07ePurchasel0o005.7565SAUp000007703r2025-07-15 00:00:00yBB